00542nam a22001817a 450000500170000001000150001702000260003203500140005803700090007208200130008124500880009426000510018227000400023330000200027349000100029370000320030370000250033520250409145348.0 aENG-144588 a9789382710035c325.00 aEN-128120 bDBAD a954.0072 aIndian Historiography:cedited by Dilip Coomer Ghose [and] Ranjit SenbAn Analisis/ aKolkatabInstitute of Historical Studiesc2013 a8/1 Loudon Street,bKolkatae700017 a238p.c22cm(Hb) vVol 2 aGhose, Dilip CoomereEditor aSen, Ranjit eEditor